000 01740cam a22004574i 4500
003 PE-LiUPU
005 20250731172947.0
008 150623s1997 xxu rb 000 0 eng d
020 _a080109027X
035 _a(Sirsi) i9780801090271
040 _aPE-LiUPU
_bspa
_cPE-LiUPU
_erda
049 _aPRUA
082 0 4 _a259.086 52
_bB14
_221
245 0 0 _aBaker handbook of single adult ministry /
_ceditado por Douglas L. Fagerström, con prólogo de Bill Flanagan y Jim Smoke.
264 1 _aMichigan :
_bBaker Books,
_c1997.
300 _a362 páginas ;
_c24 centímetros
336 _atext
_2rdacontent
337 _aunmediated
_2rdamedia
338 _avolume
_2rdacarrier
504 _aIncluye bibliografía.
505 0 _aThe need for a ministry with single adults -- Needs and Issues of Single adult ministry -- Ministry with single adults -- Programs for single adults -- Developing leadership -- Developing the ministry -- Developing significant ministries.
526 _aSEG42
526 _aSEG41
526 _aSEG40
526 _aSEG39
526 _aP94
526 _aP87
526 _aP86
526 _aP85
526 _aP77
526 _aP76
526 _aP35
650 1 4 _aTrabajo de iglesia con solteros.
700 1 _aFagerstrom, Douglas L.,
_eeditor.
942 _2ddc
_cBOOK
949 _a259.086 52 B14
_wDEWEY
_c1
_i44803
_lCCODEBUL1
_mBUL
_r0
_sY
_tBOOK
_u2015-6-24
_xTEOLOGIA
_PP35
_0COMPRA
_o.STAFF. Colección Teología
994 _aC0
_bPEPRU
596 _a1
999 _a259.086 52 B14
_wDEWEY
_c21672
_i44803
_f2021-11-10
_g5
_lCCODEBUL1
_mBUL
_p20.00
_r0
_sY
_tBOOK
_u2015-6-24
_xTEOLOGIA
_PP35
_0COMPRA
_o.STAFF. Colección Teología
_d21672
980 _81
_gALBERTO SANCHEZ Responsable de Automatización